000 00453nam a2200193Ia 4500
005 20250603144541.0
008 250603s9999 xx 000 0 und d
020 _a9781451173291
050 _aQM 451 .Y68/
100 _aYoung A. Paul
245 0 _aBasic clinical neuroscience
250 _aThird edition
260 _aPhiladelphia
260 _bWolters Kluwer
260 _c2015
300 _a443 p
650 _aPhiladelphia
942 _cBK
999 _c39255
_d39255